Technical communication : principles and practice /

Podrobná bibliografie
Hlavní autor: Raman, Meenakshi
Další autoři: Sharma, Sangeeta, Ph.D
Médium: Kniha
Jazyk:English
Vydáno: New Delhi ; New York : Oxford University Press, 2004.
Témata:
Classic Catalogue: View this record in Classic Catalogue
LEADER 01235nam a2200277 a 4500
001 0017213
003 BD-DhAAL
008 100124s2004 ii a 001 0 eng d
010 |a  2005297784 
020 |a 0195668049 
040 |a VA@  |c VA@  |d DLC  |d BD-DhAAL 
082 0 0 |a 808.0666  |2 22 
100 1 |a Raman, Meenakshi.  |9 527 
245 1 0 |a Technical communication :  |b principles and practice /  |c Meenakshi Raman, Sangeeta Sharma. 
260 |a New Delhi ;  |a New York :  |b Oxford University Press,  |c 2004. 
300 |a viii, 599 p. :  |b ill. ;  |c 24 cm 
500 |a Includes index. 
526 |a ENH  |x Shenin Ziauddin and Nazia Husain Faculty Members of BRAC University 
541 1 |e 00017213  |a Friends' Book Corner 
650 0 |a Communication of technical information  |v Textbooks.  |9 528 
650 0 |a Technical writing  |z India.  |9 529 
700 1 |a Sharma, Sangeeta,  |c Ph.D.  |9 530 
852 4 |a Ayesha Abed Library   |c General Stacks 
942 |2 ddc  |c BK 
999 |c 7123  |d 7123 
952 |0 0  |1 0  |2 ddc  |4 0  |6 808_066600000000000_RAM_2004  |7 0  |9 7398  |a BRACUL  |b BRACUL  |c GEN  |d 2010-01-24  |e Friends' Book Corner  |g 450.00  |l 1  |o 808.0666 RAM  |p 3010017213  |r 2019-09-18  |s 2019-09-18  |t 1  |w 2010-01-24  |y BK  |x Requisitioned by Shenin Ziauddin and Nazia Husain (Faculty Members of BRAC University)